| 000 | 00357nam a22001457a 4500 | ||
|---|---|---|---|
| 020 | _a978-1-4939-5018-8 | ||
| 082 | _a519.523 | ||
| 100 | _aKleinbaum, David G. | ||
| 245 |
_aSurvival Analysis: _bA Self-Learning Text |
||
| 250 | _a3rd | ||
| 260 |
_aAtlanta: _bSpringer, _c2012 |
||
| 300 | _axv, 700p.: ill.: 25cm | ||
| 700 | _aKlein, Mitchel | ||
| 942 | _cBK | ||
| 999 |
_c22163 _d22163 |
||